000 00687nam a2200277Ia 4500
005 20260121124827.0
008 008 260114s9999 xx 000 0 eng d
020 _a9780300150421
037 _aEBOOK
040 _aCRL
040 _beng
040 _cCRL
041 _2eng
041 _aeng
084 _qCRL
100 _aDeLay, Brian
_9982659
245 0 _aWar of a Thousand Deserts: Indian Raids and the U.S.-Mexican War
260 _bWalter de Gruyter
260 _bWalter de Gruyter
260 _c2008
650 _aHistory
_9982660
856 _uhttp://www.degruyter.com/isbn/9780300150421
942 _cEBOOK
999 _c1557425
_d1557425